Cómo preparar una tesis

Guardado en:
Detalles Bibliográficos
Autor principal: Durán Bächler, Samuel (autor)
Formato: Libro
Lenguaje:español
Publicado: Concepción Universidad de Concepción 1990
Materias:
Etiquetas: Agregar Etiqueta
Sin Etiquetas, Sea el primero en etiquetar este registro!

MARC

LEADER 00000nam a2200000 a 4500
001 UCZ9146
003 CL-VaPUC
008 960301e19900000CL |||||||||||||||||spa|d
082 0 4 |a 001.4  |b DUR  |2 21 
100 |a Durán Bächler, Samuel  |e autor  |9 767833 
245 1 0 |a Cómo preparar una tesis 
300 |a 155 p 
942 |c BK 
945 |d 19960301 00:00:00  |a rleighto 
260 |a Concepción  |b Universidad de Concepción  |c 1990 
650 7 |a TESIS  |2 CL-VaPUC  |9 257341 
650 7 |a REDACCION DE INFORMES  |2 CL-VaPUC  |9 354384 
650 0 |a Metodología   |9 256610 
583 |a last modification  |c 19960301 00:00:00  |k Rodrigo Vera 
999 |c 244723  |d 244721 
952 |0 0  |1 0  |4 0  |6 001_400000000000000_DUR_1990  |7 0  |8 A  |9 258896  |a BIBHIS  |b BIBHIS  |d 2019-11-19  |i 3173313  |o 001.4 DUR 1990  |p 3173313  |r 2025-01-20  |w 2019-11-19  |y BK  |k HIS